BIBLIOTECA

SENCICO

Teoría básica de estructuras / (Registro nro. 5015)

Detalles MARC
000 -LEADER
fixed length control field 00836nam a22002657a 4500
003 - CONTROL NUMBER IDENTIFIER
control field PE SENCICO BE
005 - DATE AND TIME OF LATEST TRANSACTION
control field 20251020182709.0
008 - FIXED-LENGTH DATA ELEMENTS--GENERAL INFORMATION
fixed length control field 241204b |||||||| |||| 00| 0 eng d
020 ## - INTERNATIONAL STANDARD BOOK NUMBER
International Standard Book Number 978-84-9728-345-8
040 ## - CATALOGING SOURCE
Original cataloging agency PE SENCICO BE
Transcribing agency PE SENCICO BE
041 ## - LANGUAGE CODE
Language code of text/sound track or separate title spa
082 ## - DEWEY DECIMAL CLASSIFICATION NUMBER
Classification number 624.1
Item number H47
100 1# - MAIN ENTRY--PERSONAL NAME
9 (RLIN) 2741
Personal name Heyman, Jacques
Relator term autor
245 1# - TITLE STATEMENT
Title Teoría básica de estructuras /
Statement of responsibility, etc. Heyman, Jacques
250 ## - EDITION STATEMENT
Edition statement [1a ed.]
260 ## - PUBLICATION, DISTRIBUTION, ETC.
Place of publication, distribution, etc. Madrid :
Name of publisher, distributor, etc. Instituto Juan de Herrera ;
Date of publication, distribution, etc. 2011
300 ## - PHYSICAL DESCRIPTION
Extent xv, 150 p. :
Other physical details diagrs. ;
Dimensions 23 cm.
505 0# - FORMATTED CONTENTS NOTE
Formatted contents note Resistencia -- Rigidez -- Análisis elástico -- Estabilidad
650 10 - SUBJECT ADDED ENTRY--TOPICAL TERM
9 (RLIN) 159
Topical term or geographic name entry element Análisis estructural (Ingeniería)
650 20 - SUBJECT ADDED ENTRY--TOPICAL TERM
9 (RLIN) 481
Topical term or geographic name entry element Elasticidad
650 20 - SUBJECT ADDED ENTRY--TOPICAL TERM
9 (RLIN) 15
Topical term or geographic name entry element Estructuras
650 20 - SUBJECT ADDED ENTRY--TOPICAL TERM
9 (RLIN) 2742
Topical term or geographic name entry element Estabilidad estructural
910 ## - USER-OPTION DATA (OCLC)
User-option data hfp
-- hfp
-- hfp
942 ## - ADDED ENTRY ELEMENTS (KOHA)
Source of classification or shelving scheme Dewey Decimal Classification
Koha item type Libros
Existencias
Fecha de la última vez que lo usaron Pago total Signatura topográfica completa Código de barras Precio efectivo desde Tipo de documento Estado perdido Sistema de clasificación Estado dañado No es para préstamo Retirado Ubicación permanente Ubicación actual Fecha de adquisición
04/12/2024   624.1/H47 BibLima24120012 04/12/2024 Libros   Dewey Decimal Classification       Biblioteca Central Lima Biblioteca Central Lima 18/11/2024